Panchayati raj in India / (Record no. 9431)

MARC details
000 -LEADER
fixed length control field 00711 a2200217 4500
005 - DATE AND TIME OF LATEST TRANSACTION
control field 20110729154218.0
010 ## - LCCN (DPL NO)
LC control number ENG-88883
020 ## - INTERNATIONAL STANDARD BOOK NUMBER
Terms of availability 200.00
International Standard Book Number 9788123751894
035 ## - SYSTEM CONTROL NUMBER
System control number EN-72416
037 ## - SOURCE OF ACQUISITION
Source of stock number/acquisition DBAD / PUB
082 14 - DEWEY DECIMAL CLASSIFICATION NUMBER
Classification number 352.00722
100 1# - MAIN ENTRY--PERSONAL NAME
Personal name Aslam, M.
245 1# - TITLE STATEMENT
Title Panchayati raj in India /
Statement of responsibility, etc by M. Aslam
260 ## - PUBLICATION, DISTRIBUTION, ETC. (IMPRINT)
Place of publication, distribution, etc New Delhi
Name of publisher, distributor, etc National Book Trust, India
Date of publication, distribution, etc 2007
270 ## - ADDRESS
Address A-5, Green Park
City New Delhi
Postal code 110 016
300 ## - PHYSICAL DESCRIPTION
Extent xiii, 217p. :
Dimensions 22cm (Hb)
490 ## - SERIES STATEMENT
Series statement India-the land and the people
-- 30545
500 ## - GENERAL NOTE
General note Includes index
942 ## - ADDED ENTRY ELEMENTS (KOHA)
Institution code [OBSOLETE] dpl
Item type English Books
Call number prefix 352.00722 / ASL
Source of classification or shelving scheme Dewey Decimal Classification
Holdings
Withdrawn status Lost status Not for loan Collection code Home library Current library Cost, normal purchase price Full call number Barcode Copy number Cost, replacement price Koha item type
    Not For Loan Non-fiction D.B.Act.Division D.B.Act.Division 200.00 352.00722 ASL EN-72416 1 200.00 English Books

© Delhi Public Library
Hit Counter
free hit counter